000 00945nam a22002897a 4500
001 9382
003 FISKH
005 20251216151231.0
008 251216b cb ||||| |||| 00| 0 eng d
020 _a9781877363955
040 _aFISKH
_beng
_cFISKH
_dFISKH
050 _aPZ7
082 _a428.6
100 _aHolden, Pam
_eAuthor
245 _aWhat can fly? /
_cWritten by Pam Holden ; Illustrated by Sandra Cammell
260 _aAuckland :
_bFlying start books Ltd. ,
_c2005
300 _a16 pages :
_bcolor illustrations ;
_c20 cm
490 _aRed rocket readers
_vEmergent - Fiction A
505 _aC
520 _aHave you been flying in a plane? Was it fun to go flying? Do you know lots of things that can fly? Fiction Reading Level 2/F&P Level B
521 8 _a50
_bLexile BR
521 8 _aC
_bRaz-Plus
650 _aFiction
_vAnimals
700 _aCammell, Sandra
_eIllustrator
942 _2ddc
_cBK
_n0
999 _c9382
_d9382